| Tag |
First Indicator |
Second Indicator |
Subfields |
| LEADER |
00000nam a2200000Ia 4500 |
| 001 |
in00004186313 |
| 005 |
20200810073136.0 |
| 006 |
m g d |
| 007 |
cr bn |||a|bb| |
| 008 |
850709s1694 enk o 00| | eng d |
| 035 |
|
|
|a (OCoLC)12247022
|
| 040 |
|
|
|a EAA
|c EAA
|d WaOLN
|
| 037 |
|
|
|a CL0037000027
|b ProQuest Information and Learning. 300 N. Zeeb Rd., Ann Arbor, MI 48106
|
| 043 |
|
|
|a e-uk---
|a e-ie---
|
| 049 |
|
|
|a UMIA
|
| 245 |
0 |
0 |
|a Proposals for raising a million of money out of the forfeited estates in Ireland :
|b together, with the answer of the Irish to the same, and a reply thereto.
|
| 260 |
|
|
|a London :
|b Printed for T. Goodwin ...,
|c 1694.
|
| 300 |
|
|
|a 1 online resource ([2], 30 pages)
|
| 336 |
|
|
|a text
|b txt
|2 rdacontent
|
| 337 |
|
|
|a computer
|b c
|2 rdamedia
|
| 338 |
|
|
|a online resource
|b cr
|2 rdacarrier
|
| 500 |
|
|
|a Reproduction of original in Huntington Library.
|
| 510 |
4 |
|
|a Wing
|c P3739
|
| 533 |
|
|
|a Electronic reproduction.
|b Ann Arbor, Mich. :
|c UMI,
|d 1999-
|f (Early English books online)
|n Digital version of: (Early English books, 1641-1700 ; 875:34)
|7 s1999 miun s
|
| 650 |
|
0 |
|a Land tenure
|z Ireland.
|
| 650 |
|
0 |
|a Debts, Public
|z Great Britain.
|
| 651 |
|
0 |
|a Ireland
|x Politics and government
|y 17th century.
|
| 830 |
|
0 |
|a Early English books online.
|
| 856 |
4 |
0 |
|u http://proxy.library.tamu.edu/login?url=https://search.proquest.com/docview/2240949470
|z Connect to the full text of this electronic book
|t 0
|
| 999 |
f |
f |
|s 58d1f271-bfcb-3db9-b267-c6dfef1ac8cc
|i 76f07951-d95a-331e-9dee-3ce7ca628cd4
|t 0
|
| 952 |
f |
f |
|a Texas A&M University
|b College Station
|c Electronic Resources
|d Available Online
|t 0
|h No information provided
|
| 998 |
f |
f |
|t 0
|l Available Online
|